Babywatching
| Main Author: | |
|---|---|
| Format: | Book |
| Published: |
London :
Jonathan Cape ,
1991
|
| Subjects: |
MARC
| LEADER | 00000cam a2200000 7i4500 | ||
|---|---|---|---|
| 001 | 0000001770 | ||
| 002 | 000001927 | ||
| 005 | 20000330.0 | ||
| 020 | |a 0224032593 | ||
| 090 | 0 | 0 | |a 613.0432 |b MOR |
| 100 | 1 | |a Morris, Desmond | |
| 245 | 1 | 0 | |a Babywatching |c Desmond Morris |
| 260 | |a London : |b Jonathan Cape , |c 1991 | ||
| 300 | |a 170p. ; |c 24 cm. | ||
| 650 | 0 | 0 | |a Infants |x Development |
| 999 | |a 033782 |b BUKU |c PINJAMAN |e PERPUSTAKAAN KOMUNITI PETALING JAYA | ||
| 999 | |a 033783 |b BUKU |c PINJAMAN |e PERPUSTAKAAN KOMUNITI PETALING JAYA | ||